[Event "France"]
[Site "?"]
[Date "2000.??.??"]
[Round "?"]
[White "Adams, M."]
[Black "Tkachiev, V."]
[Result "1-0"]
[WhiteElo "2715"]
[BlackElo "2670"]
[PlyCount "80"]
[EventDate "2000.??.??"]
[Source "Chess Informant"]
[SourceDate "2000.02.01"]

1. e4 c5 2. Nf3 g6 3. d4 Bg7 4. d5 d6 5. Bb5+ Bd7 6. a4 Nf6 7. Nc3 O-O 8. O-O Na6 9. Re1 Bxb5 10. Nxb5 Re8 11. h3 h6 12. Ra3 Nb4 13. Rae3 e6 14. c3 Na6 15. Nxd6 Qxd6 16. e5 Qxd5 17. Rd3 Qa2 18. exf6 Bxf6 19. Bxh6 c4 20. Rd2 Qb3 21. Qxb3 cxb3 22. Be3 b6 23. Rd7 Nb8 24. Rc7 Rd8 25. Nd2 Na6 26. Rc4 Nc5 27. Re2 Nb7 28. Nxb3 Rd1+ 29. Kh2 Rad8 30. Bd4 Bxd4 31. Nxd4 Nc5 32. a5 Rc1 33. Nc6 Rd7 34. axb6 axb6 35. Rb4 Kg7 36. Ne5 Rb7 37. Nc4 b5 38. Nd6 Rd7 39. Rd2 Kf8 40. Rxb5 Na4 1-0

[Event "Corr"]
[Site "?"]
[Date "2002.01.15"]
[Round "?"]
[White "Oosterom Joop J.van (NED)"]
[Black "Ekebjaerg Ove (DEN)"]
[Result "1-0"]
[WhiteElo "2714"]
[BlackElo "2635"]
[PlyCount "77"]
[EventDate "2002.??.??"]
[Source "www.chesslib.no"]
[SourceDate "2004.05.04"]

1. e4 c5 2. Nf3 g6 3. d4 Bg7 4. d5 Nf6 5. e5 Ng4 6. Nfd2 f5 7. exf6 Nxf6 8. Nc3 O-O 9. Be2 b6 10. O-O Bb7 11. Nde4 Nxe4 12. Nxe4 e6 13. Bg5 Qc7 14. Be7 Re8 15. Bd6 Qd8 16. Bc4 b5 17. Bxb5 Bxd5 18. Qe2 Bxb2 19. Rad1 Nc6 20. Bxc5 a6 21. Bd3 Qa5 22. Be3 Qc7 23. c4 Bxe4 24. Bxe4 Rab8 25. c5 a5 26. Rd2 Bc3 27. Rd3 Be5 28. f4 Bg7 29. Rfd1 Re7 30. Rd6 Rb2 31. Qc4 Bf8 32. a3 Rf7 33. Bxc6 dxc6 34. Rxe6 Qb7 35. Rd8 Qb3 36. Qe4 Rb1+ 37. Kf2 Rb2+ 38. Kg3 Ra2 39. Rd3 1-0

[Event "Hallstahammar Open"]
[Site "?"]
[Date "1998.??.??"]
[Round "?"]
[White "Larsson, Per_Erik"]
[Black "Lindgren, Hans"]
[Result "1/2-1/2"]
[WhiteElo "2630"]
[BlackElo "2695"]
[PlyCount "24"]
[EventDate "1998.??.??"]
[Source "www.chesslib.no"]
[SourceDate "2004.05.04"]

1. e4 c5 2. Nf3 g6 3. d4 Bg7 4. Be3 e6 5. e5 cxd4 6. Bxd4 Nc6 7. Bc3 Qc7 8. Qe2 Nge7 9. Nbd2 Nd5 10. Ne4 Nxc3 11. Nxc3 Nxe5 12. O-O-O Nxf3 1/2-1/2

[Event "Campionato europeo 2007"]
[Site "Dresda GER"]
[Date "2007.04.12"]
[Round "9.10"]
[White "Timofeev, Artyom"]
[Black "Guseinov, Gadir"]
[Result "0-1"]
[WhiteElo "2658"]
[BlackElo "2586"]
[PlyCount "95"]
[EventDate "2007.04.03"]
[Source "www.chesslib.no"]
[SourceDate "2004.05.04"]

1. e4 c5 2. Nf3 g6 3. d4 cxd4 4. Nxd4 Bg7 5. c4 b6 6. Nc3 Bb7 7. Be2 Nf6 8. Bf3 Qc7 9. Ndb5 Qe5 10. Be3 Nc6 11. O-O O-O 12. Rc1 Rac8 13. Nd5 d6 14. b3 Qe6 15. Re1 h5 16. Bg5 Nh7 17. Bd2 Rfd8 18. Bc3 Qd7 19. Bxg7 Kxg7 20. Qd2 e6 21. Qb2+ Kg8 22. Nf6+ Nxf6 23. Qxf6 a6 24. Nc3 Qe7 25. e5 Qxf6 26. exf6 Na5 27. Bxb7 Nxb7 28. h4 Nc5 29. Rcd1 Rc6 30. f3 Nd7 31. Ne4 Nc5 32. Nc3 Nd7 33. Ne4 Nc5 34. Kf2 Nxe4+ 35. Rxe4 b5 36. Ke3 d5 37. cxb5 Rc3+ 38. Kf4 axb5 39. Rb4 Rc2 40. g3 Rxa2 41. Rxb5 Re2 42. Rd3 Re8 43. Rc3 Kh7 44. Rc7 g5+ 45. Kxg5 Re5+ 46. Kf4 Rf5+ 47. Ke3 d4+ 48. Kxd4 0-1

[Event "Wijk aan Zee (open)"]
[Site "?"]
[Date "1995.??.??"]
[Round "?"]
[White "van der Wiel, J."]
[Black "Piket, Je"]
[Result "1/2-1/2"]
[WhiteElo "2570"]
[BlackElo "2670"]
[PlyCount "51"]
[EventDate "1995.??.??"]
[Source "ChessBase"]
[SourceDate "1994.10.01"]

1. e4 c5 2. Nf3 g6 3. d4 cxd4 4. Qxd4 Nf6 5. Nc3 Nc6 6. Qa4 d6 7. e5 Ng4 8. exd6 Qxd6 9. Nb5 Qb8 10. Nbd4 Bg7 11. Bb5 Nge5 12. Bf4 O-O 13. Nxc6 bxc6 14. Bxc6 Qxb2 15. Bxe5 Bxe5 16. O-O Rb8 17. Nxe5 Qxe5 18. Qxa7 Bf5 19. a4 Rbc8 20. Bf3 Rxc2 21. a5 Rfc8 22. Qe3 Qxe3 23. fxe3 Bd3 24. Rfd1 Ba6 25. Rdb1 R8c7 26. Rb8+ 1/2-1/2

[Event "Campionato europeo 2007"]
[Site "Dresda GER"]
[Date "2007.04.14"]
[Round "11.13"]
[White "Sutovsky, Emil"]
[Black "Guseinov, Gadir"]
[Result "1-0"]
[WhiteElo "2637"]
[BlackElo "2586"]
[PlyCount "89"]
[EventDate "2007.04.03"]
[Source "www.chesslib.no"]
[SourceDate "2004.05.04"]

1. e4 c5 2. Nf3 g6 3. d4 cxd4 4. Qxd4 Nf6 5. e5 Nc6 6. Qa4 Nd5 7. Qe4 Ndb4 8. Bb5 Qa5 9. Nc3 Bg7 10. O-O O-O 11. a3 d5 12. exd6 Bf5 13. Qh4 exd6 14. axb4 Qxa1 15. Nd5 f6 16. Bxc6 bxc6 17. Ne7+ Kh8 18. Nxf5 gxf5 19. Nd4 Qa4 20. c3 Rf7 21. Qh5 Qa2 22. b3 Re7 23. Be3 Rae8 24. Nxf5 Qxb3 25. Nxe7 Rxe7 26. Qa5 Re8 27. Bd4 Qf7 28. Qa6 Qd7 29. Rd1 f5 30. Bxg7+ Kxg7 31. h3 Re6 32. Qd3 d5 33. c4 Rd6 34. Qd4+ Kg8 35. Rd3 Qf7 36. Qc5 Qd7 37. Qd4 Qf7 38. Ra3 Qg7 39. Qf4 Qd7 40. cxd5 cxd5 41. Rxa7 Qxa7 42. Qxd6 Qa1+ 43. Kh2 Qd4 44. b5 f4 45. f3 1-0

[Event "XXIV Open"]
[Site "Cappelle La Grande FRA"]
[Date "2008.02.23"]
[Round "9"]
[White "Gharamian, T."]
[Black "Gashimov, V."]
[Result "0-1"]
[WhiteElo "2558"]
[BlackElo "2665"]
[PlyCount "102"]
[EventDate "2008.02.16"]
[Source "www.chesslib.no"]
[SourceDate "2004.05.04"]

1. e4 c5 2. Nf3 g6 3. c3 Bg7 4. d4 cxd4 5. cxd4 d5 6. e5 Nh6 7. h3 O-O 8. Be2 Nc6 9. O-O Bf5 10. Nc3 Be4 11. Ng5 Qb6 12. e6 Nxd4 13. Ngxe4 dxe4 14. Bxh6 Bxh6 15. exf7+ Rxf7 16. Bc4 e6 17. Ne2 Bg7 18. Nxd4 Bxd4 19. Qe2 Qc6 20. Rad1 Rd8 21. b3 Kg7 22. Qg4 Rf5 23. a4 a6 24. Kh1 e5 25. f4 h5 26. Qh4 Qf6 27. Qxf6+ Kxf6 28. g3 exf4 29. gxf4 Rc5 30. Rd2 b5 31. axb5 axb5 32. Be2 Kf5 33. Kg2 Bf6 34. Rxd8 Bxd8 35. b4 Rc7 36. Bxb5 Bh4 37. Ba4 Rc3 38. Rb1 Rg3+ 39. Kh2 Ra3 40. Bd7+ Kxf4 41. b5 Ra2+ 42. Kh1 e3 43. Be6 Rd2 44. Bc4 e2 45. Bxe2 Rxe2 46. b6 Re8 47. b7 Rb8 48. Rb4+ Kg3 49. Rb3+ Kf2 50. Rb2+ Ke3 51. Kg2 g5 0-1

[Event "Corr"]
[Site "?"]
[Date "1999.06.30"]
[Round "?"]
[White "Soltau Achim"]
[Black "Ekebjaerg Ove (DEN)"]
[Result "1-0"]
[WhiteElo "2577"]
[BlackElo "2635"]
[PlyCount "111"]
[EventDate "1999.??.??"]
[Source "www.chesslib.no"]
[SourceDate "2004.05.04"]

1. e4 c5 2. Nf3 g6 3. d4 Bg7 4. d5 b5 5. c3 a6 6. a4 bxa4 7. Bc4 d6 8. Qxa4+ Nd7 9. O-O Bb7 10. Rd1 Nh6 11. h3 O-O 12. Bd3 Kh8 13. Nbd2 Ng8 14. Nc4 Nb6 15. Nxb6 Qxb6 16. Qa5 Qxa5 17. Rxa5 Nf6 18. Nd2 Nd7 19. Nc4 Rfb8 20. Bg5 f6 21. Bf4 f5 22. Bg5 fxe4 23. Bxe4 Bf6 24. Bf4 Bc8 25. Rda1 Nb6 26. Ne3 Nd7 27. Nc4 Nb6 28. Ne3 Nd7 29. R1a2 Be5 30. Bxe5+ Nxe5 31. f4 Nd7 32. Kf2 Nf6 33. Bf3 Ra7 34. g4 Rab7 35. Nc4 Kg7 36. Ra1 Rb5 37. Rxb5 axb5 38. Ne3 b4 39. c4 Nd7 40. Kg3 Nb6 41. g5 Ra8 42. Rxa8 Nxa8 43. h4 Nb6 44. b3 Bd7 45. h5 Be8 46. h6+ Kg8 47. Bg4 Na8 48. f5 Nc7 49. Kf4 Bf7 50. fxg6 hxg6 51. Bd7 Kh8 52. Ke4 Kh7 53. Nd1 Kg8 54. Nb2 Kf8 55. Nd3 Kg8 56. Nxc5 1-0

[Event "Parnu"]
[Site "Parnu EST"]
[Date "1971.??.??"]
[Round "9"]
[White "Bronstein, David I"]
[Black "Stein, Leonid Z"]
[Result "1/2-1/2"]
[WhiteElo "2590"]
[BlackElo "2620"]
[PlyCount "34"]
[EventDate "1971.06.??"]
[Source "www.chesslib.no"]
[SourceDate "2004.05.04"]

1. e4 c5 2. Nf3 g6 3. d4 Bg7 4. c3 cxd4 5. cxd4 Nf6 6. e5 Nd5 7. Bc4 Nb6 8. Bb3 d5 9. h3 Nc6 10. Nc3 Bf5 11. O-O O-O 12. a3 Rc8 13. Re1 Na5 14. Ba2 Nac4 15. Ne2 Na5 16. Nc3 Nac4 17. Ne2 Na5 1/2-1/2

[Event "2nd IECC, Ohrid MKD"]
[Site "?"]
[Date "2001.??.??"]
[Round "13"]
[White "Socko, B."]
[Black "Dautov, R."]
[Result "0-1"]
[WhiteElo "2550"]
[BlackElo "2630"]
[PlyCount "78"]
[EventDate "2001.??.??"]
[Source "www.chesslib.no"]
[SourceDate "2004.05.04"]

1. e4 c5 2. Nf3 g6 3. d4 Bg7 4. d5 d6 5. Bc4 Nf6 6. Nc3 O-O 7. O-O Bg4 8. h3 Bxf3 9. Qxf3 Nbd7 10. Qd1 Ne8 11. Re1 a6 12. a4 b6 13. Ra3 Nc7 14. Rb3 Re8 15. Bf4 Rb8 16. Qe2 Qc8 17. Bg3 Ne5 18. f4 Nxc4 19. Qxc4 Qd7 20. Qf1 b5 21. axb5 axb5 22. Nd1 c4 23. Ra3 f5 24. Qf2 fxe4 25. Ra7 Qc8 26. Qd2 Ra8 27. Rxa8 Qxa8 28. Ne3 Rf8 29. c3 Na6 30. Rf1 Nc5 31. f5 Nd3 32. Qe2 Qc8 33. Qg4 Qc5 34. Qxe4 Bh6 35. Qe6+ Kh8 36. Rf3 Rxf5 37. Bf2 Rxf3 38. gxf3 Nxf2 39. Qxe7 Qxe3 0-1

[Event "RUS"]
[Site "?"]
[Date "2006.04.27"]
[Round "8"]
[White "Inarkiev Ernesto"]
[Black "Savchenko Boris"]
[Result "1-0"]
[WhiteElo "2602"]
[BlackElo "2568"]
[PlyCount "45"]
[EventDate "2006.??.??"]
[Source "www.chesslib.no"]
[SourceDate "2004.05.04"]

1. e4 c5 2. Nf3 g6 3. d4 cxd4 4. Qxd4 Nf6 5. e5 Nc6 6. Qa4 Nd5 7. Qe4 Ndb4 8. Bb5 Qa5 9. Nc3 d5 10. exd6 Bf5 11. Qe5 O-O-O 12. Qxh8 Nxc2+ 13. Ke2 Nxa1 14. Rd1 exd6 15. Qxh7 Bc2 16. Qxf7 Bxd1+ 17. Kxd1 Ne7 18. Nd4 Qb4 19. Ne6 Qg4+ 20. Ne2 Qh5 21. Bg5 Qxh2 22. Nxd8 Qe5 23. Qe6+ 1-0

[Event "World Ch XIV Final"]
[Site "Cork World Ch XIV Final"]
[Date "1994.??.??"]
[Round "?"]
[White "Boll, Peter A"]
[Black "Ekebjaerg, Ove C"]
[Result "1/2-1/2"]
[WhiteElo "2580"]
[BlackElo "2590"]
[PlyCount "54"]
[EventDate "1994.??.??"]
[Source "www.chesslib.no"]
[SourceDate "2004.05.04"]

1. e4 c5 2. Nf3 g6 3. d4 Bg7 4. d5 b5 5. c3 a6 6. a4 b4 7. cxb4 cxb4 8. a5 d6 9. Qa4+ Nd7 10. Qxb4 Rb8 11. Qc4 Nc5 12. Nd4 Bd7 13. Nc3 Rc8 14. Be3 Nf6 15. Qa2 Qc7 16. Nb3 Ng4 17. Bxc5 dxc5 18. Bxa6 Qf4 19. Rf1 Rc7 20. h3 c4 21. Nd2 Ne5 22. Ke2 Bh6 23. Rad1 Nd3 24. Bxc4 Nc1+ 25. Rxc1 Qxd2+ 26. Kf3 Bg4+ 27. hxg4 Qf4+ 1/2-1/2

[Event "otb"]
[Site "otb"]
[Date "2007.01.18"]
[Round "4"]
[White "Baklan Vladimir"]
[Black "Horvath Jozsef"]
[Result "1/2-1/2"]
[WhiteElo "2618"]
[BlackElo "2539"]
[PlyCount "45"]
[Source "www.chesslib.no"]
[SourceDate "2004.05.04"]

1. e4 c5 2. Nf3 g6 3. c3 Bg7 4. d4 cxd4 5. cxd4 d5 6. e5 Bg4 7. Bb5+ Nc6 8. O-O Qb6 9. Bxc6+ Qxc6 10. h3 Bxf3 11. Qxf3 e6 12. Nc3 Ne7 13. Bg5 Nf5 14. Ne2 h6 15. Bf6 Bxf6 16. exf6 Qb6 17. Qf4 Qxb2 18. g4 Qxe2 19. gxf5 Qh5 20. fxe6 fxe6 21. Rfe1 Qg5+ 22. Qxg5 hxg5 23. Rxe6+ 1/2-1/2

[Event "Lippstadt"]
[Site "?"]
[Date "2000.??.??"]
[Round "?"]
[White "Luther, Th"]
[Black "Hracek, Z."]
[Result "0-1"]
[WhiteElo "2545"]
[BlackElo "2610"]
[PlyCount "64"]
[EventDate "2000.??.??"]
[Source "Chess Informant"]
[SourceDate "2000.06.01"]

1. e4 c5 2. Nf3 g6 3. d4 Bg7 4. dxc5 Qa5+ 5. c3 Qxc5 6. Be3 Qc7 7. Bd3 d6 8. Qd2 Nd7 9. O-O Ngf6 10. c4 Ng4 11. Bf4 Nde5 12. Nxe5 dxe5 13. Bg3 h5 14. f3 h4 15. Be1 Bh6 16. Qe2 Ne3 17. Rf2 h3 18. g3 Be6 19. b3 b5 20. Na3 bxc4 21. Nxc4 Nxc4 22. Bxc4 Bxc4 23. bxc4 Rc8 24. Rd1 Qxc4 25. Qxc4 Rxc4 26. Rb1 O-O 27. Bd2 Kg7 28. Bxh6+ Kxh6 29. Rd2 Rfc8 30. Kf2 Rc2 31. Rb2 Rxb2 32. Rxb2 Kg5 0-1

[Event "Mind Sports Games - Blitz Team"]
[Site "Pechino CINA"]
[Date "2008.10.13"]
[Round "11"]
[White "Ghaem Maghami, E."]
[Black "Leon Hoyos, M."]
[Result "1-0"]
[WhiteElo "2599"]
[BlackElo "2535"]
[PlyCount "36"]
[EventDate "2008.10.13"]
[Source "www.chesslib.no"]
[SourceDate "2004.05.04"]

1. e4 c5 2. Nf3 g6 3. c3 d5 4. exd5 Qxd5 5. d4 Bg7 6. Na3 Nf6 7. Bc4 Qe4+ 8. Be3 O-O 9. O-O cxd4 10. Qxd4 Nc6 11. Rfe1 Bd7 12. Rad1 e5 13. Qxe4 Nxe4 14. Bc5 Nxc3 15. Bxf8 Kxf8 16. Bd5 Ke7 17. Bxc6 bxc6 18. Rc1 Ke6 1-0

[Event "Banker's"]
[Site "Banker's"]
[Date "1990.??.??"]
[Round "?"]
[White "Tal, Mikhail N"]
[Black "Dzindzichashvili, Roman"]
[Result "1/2-1/2"]
[WhiteElo "2585"]
[BlackElo "2545"]
[PlyCount "94"]
[EventDate "1990.??.??"]
[Source "www.chesslib.no"]
[SourceDate "2004.05.04"]

1. Nf3 g6 2. e4 c5 3. d4 cxd4 4. Qxd4 Nf6 5. Bb5 Nc6 6. Bxc6 dxc6 7. Qxd8+ Kxd8 8. Nc3 Bg7 9. Bf4 Ke8 10. O-O-O Nd7 11. h3 e5 12. Be3 Nf8 13. Nd2 Ne6 14. Nc4 Ke7 15. Rd2 b5 16. Na5 Bd7 17. Rhd1 Nd4 18. Nb3 Nxb3+ 19. axb3 Rhd8 20. Bg5+ f6 21. Be3 Ke8 22. b4 Bf8 23. Bc5 Bxc5 24. bxc5 Ke7 25. Rd6 Be8 26. Rxd8 Rxd8 27. Rxd8 Kxd8 28. b4 Ke7 29. Kd2 Ke6 30. Ke3 f5 31. g3 Kf6 32. h4 Bd7 33. f3 Be6 34. Ne2 Bc4 35. Nc3 h6 36. Nd1 fxe4 37. fxe4 g5 38. hxg5+ Kxg5 39. Nf2 Be6 40. Nd3 Kf6 41. Nf2 h5 42. Kf3 Ba2 43. Nd1 Bf7 44. Nf2 Bc4 45. Nd1 Kg5 46. Nb2 a6 47. Nd1 Be6 1/2-1/2

[Event "Roquebrune"]
[Site "Roquebrune"]
[Date "1992.??.??"]
[Round "?"]
[White "Christiansen, Larry Mark"]
[Black "Larsen, Bent"]
[Result "1/2-1/2"]
[WhiteElo "2595"]
[BlackElo "2535"]
[PlyCount "84"]
[EventDate "1992.02.??"]
[Source "ChessBase"]

1. e4 c5 2. Nf3 g6 3. c3 Bg7 4. d4 cxd4 5. cxd4 d5 6. exd5 Nf6 7. Bb5+ Nbd7 8. d6 exd6 9. Qe2+ Qe7 10. Qxe7+ Kxe7 11. Nc3 Nb6 12. O-O Rd8 13. Re1+ Kf8 14. h3 Be6 15. Ng5 Bc4 16. Bf4 h6 17. Nf3 a6 18. Bxc4 Nxc4 19. b3 Nb6 20. Rac1 Nfd5 21. Bd2 Nxc3 22. Bxc3 Nd5 23. Ba5 Rdc8 24. Kf1 Rxc1 25. Rxc1 Ke7 26. g3 Kd7 27. Ke2 b5 28. Bd2 a5 29. Kd3 a4 30. Ne1 axb3 31. axb3 f5 32. Nc2 Ra2 33. Ra1 Rxa1 34. Nxa1 g5 35. f3 Nc7 36. Nc2 Ne6 37. g4 fxg4 38. hxg4 d5 39. Be3 Bf8 40. Ne1 Bd6 41. Nc2 Bf4 42. Bf2 Kd6 1/2-1/2

[Event "Sankt_Peterburg"]
[Site "?"]
[Date "1996.??.??"]
[Round "?"]
[White "Rozentalis, E."]
[Black "Tregubov, P."]
[Result "1-0"]
[WhiteElo "2610"]
[BlackElo "2520"]
[PlyCount "51"]
[EventDate "1996.??.??"]
[Source "ChessBase"]
[SourceDate "1996.10.01"]

1. e4 c5 2. Nf3 g6 3. d4 cxd4 4. Qxd4 Nf6 5. e5 Nc6 6. Qa4 Nd5 7. Qe4 Ndb4 8. Na3 d5 9. Qf4 Bg7 10. Bd2 Na6 11. Bxa6 bxa6 12. O-O O-O 13. Bc3 Qc7 14. Rad1 e6 15. Rfe1 Bb7 16. Qe3 Rfd8 17. Nd4 Rac8 18. Nxc6 Qxc6 19. Bd4 Bf8 20. Rd3 a5 21. Qf4 Bxa3 22. Rxa3 Qxc2 23. Qh6 Rd7 24. Rh3 f5 25. exf6 Rc4 26. Rhe3 1-0

[Event "8th OIBM"]
[Site "Bad Wiessee"]
[Date "2004.11.03"]
[Round "5"]
[White "Kindermann, Stefan"]
[Black "Eingorn, Vereslav S"]
[Result "1/2-1/2"]
[WhiteElo "2536"]
[BlackElo "2583"]
[PlyCount "34"]
[EventDate "2004.10.30"]
[Source "Roberto Alvarez"]
[SourceDate "2004.11.15"]

1. e4 c5 2. Nf3 g6 3. d4 Bg7 4. d5 d6 5. Bb5+ Bd7 6. a4 Nf6 7. Nc3 O-O 8. O-O Bxb5 9. axb5 Nbd7 10. Qe2 Ne8 11. Ra3 Nc7 12. Bf4 a6 13. e5 dxe5 14. Nxe5 Nxe5 15. Bxe5 Nxd5 16. Bxg7 Kxg7 17. Qe5+ Nf6 1/2-1/2

[Event "Buenos Aires Najdorf"]
[Site "Buenos Aires"]
[Date "1991.??.??"]
[Round "9"]
[White "Fedorowicz, John P"]
[Black "Larsen, Bent"]
[Result "1-0"]
[WhiteElo "2555"]
[BlackElo "2560"]
[PlyCount "119"]
[EventDate "1991.04.??"]
[Source "ChessBase"]

1. e4 c5 2. Nf3 g6 3. c3 d5 4. exd5 Qxd5 5. d4 Bg7 6. Be3 cxd4 7. cxd4 Nf6 8. Nc3 Qa5 9. Bc4 O-O 10. h3 Nbd7 11. O-O Nb6 12. Bb3 Nbd5 13. Bd2 Qd8 14. Re1 b6 15. Bg5 Bb7 16. Ne5 Nxc3 17. bxc3 Rc8 18. c4 Ne4 19. Bf4 e6 20. Qd3 Nd6 21. Rad1 Ba6 22. Rc1 Re8 23. Red1 f6 24. Nf3 Nb7 25. Ba4 Re7 26. Bb5 Bxb5 27. cxb5 Rxc1 28. Rxc1 Qd5 29. Qa3 Kf7 30. Qxa7 Qxb5 31. Rc7 Qb1+ 32. Kh2 Qe4 33. Rxe7+ Kxe7 34. Qb8 g5 35. Bd2 Kf7 36. Bxg5 Bf8 37. Bf4 Qc6 38. Bg3 b5 39. Qf4 Kg7 40. Qg4+ Kf7 41. Qh4 Kg7 42. Bf4 Kg6 43. Qg4+ Kf7 44. Qh5+ Kg8 45. Qh4 Bg7 46. Bh6 Nd6 47. Bxg7 Kxg7 48. Qg4+ Kf7 49. Qh5+ Kg7 50. Qc5 Qd5 51. Qxd5 exd5 52. Ne1 Ne4 53. Nd3 Kf7 54. Nb4 Nc3 55. Kg3 Ne2+ 56. Kg4 Nxd4 57. Nxd5 Ke6 58. Nb4 Kd6 59. Kh5 Kc5 60. a3 1-0

[Event "World Open act"]
[Site "Philadelphia, PA USA"]
[Date "1989.??.??"]
[Round "11"]
[White "Gulko, Boris F"]
[Black "Fedorowicz, John P"]
[Result "1/2-1/2"]
[WhiteElo "2610"]
[BlackElo "2505"]
[PlyCount "66"]
[EventDate "1989.??.??"]
[Source "www.chesslib.no"]
[SourceDate "2004.05.04"]

1. Nf3 g6 2. e4 c5 3. c3 Bg7 4. Na3 Nf6 5. e5 Nd5 6. d4 cxd4 7. Qxd4 Nb6 8. Qh4 h6 9. Qg3 Nc6 10. Bd3 d6 11. exd6 e5 12. Nc4 Nxc4 13. Bxc4 Qxd6 14. O-O Be6 15. Bxe6 Qxe6 16. Qh4 Qe7 17. Qxe7+ Kxe7 18. Re1 f6 19. Nd2 Rhd8 20. f4 Kf7 21. Nc4 b5 22. Na3 a6 23. Nc2 exf4 24. Bxf4 g5 25. Be3 f5 26. Rad1 f4 27. Bb6 Rxd1 28. Rxd1 Ke6 29. h3 Be5 30. Kf2 Rb8 31. Bc5 Rc8 32. Bb6 Rb8 33. Bc5 Rc8 1/2-1/2

[Event "BL2-West 0001"]
[Site "Germany"]
[Date "2001.04.01"]
[Round "8.1"]
[White "Glek, Igor V"]
[Black "Reinderman, Dimitri"]
[Result "0-1"]
[WhiteElo "2553"]
[BlackElo "2551"]
[PlyCount "108"]
[EventDate "2000.10.15"]
[Source "ChessBase"]
[SourceDate "2001.07.03"]

1. e4 c5 2. Nf3 g6 3. c3 Bg7 4. d4 cxd4 5. cxd4 d5 6. exd5 Nf6 7. Bc4 O-O 8. Nc3 Nbd7 9. O-O Nb6 10. Bb3 Nfxd5 11. h3 Bf5 12. Re1 Rc8 13. Bd2 Re8 14. Ne5 Be6 15. Qf3 Rf8 16. Rac1 Nxc3 17. bxc3 Bd5 18. Qg3 Nc4 19. Nxc4 Bxc4 20. Bg5 Re8 21. Qh4 Qa5 22. Re3 Bxb3 23. axb3 Qa3 24. Rb1 Qa2 25. Qe4 e5 26. Re2 Qa6 27. c4 h6 28. Bd2 f5 29. Qd5+ Kh7 30. dxe5 Qa2 31. Rbe1 Qxb3 32. e6 Rcd8 33. Qc5 b6 34. Qc7 a5 35. Re3 Rd3 36. Rxd3 Qxd3 37. Qd7 Qxd7 38. exd7 Rxe1+ 39. Bxe1 Bf6 40. Bc3 Bd8 41. f4 Kg8 42. Kf2 Kf7 43. Ke3 Ke6 44. Bg7 h5 45. Kd4 Kxd7 46. Kd5 a4 47. Kd4 Kc6 48. Bf8 Bc7 49. Bh6 b5 50. cxb5+ Kxb5 51. Kc3 Ba5+ 52. Kb2 Bb4 53. Bg7 Kc4 54. Kc2 Bd6 0-1

[Event "VIII Dos Hermanas Internet"]
[Site "ICC INT"]
[Date "2007.03.23"]
[Round "1.1"]
[White "Meier, Geo"]
[Black "Guseinov, G."]
[Result "1/2-1/2"]
[WhiteElo "2512"]
[BlackElo "2585"]
[PlyCount "77"]
[EventDate "2007.03.23"]
[Source "www.chesslib.no"]
[SourceDate "2004.05.04"]

1. e4 c5 2. Nf3 g6 3. c3 Bg7 4. d4 cxd4 5. cxd4 d5 6. e5 Bg4 7. Bb5+ Nc6 8. Nbd2 Nh6 9. O-O O-O 10. Bxc6 bxc6 11. h3 Bxf3 12. Nxf3 f6 13. Re1 Rc8 14. Qa4 Qb6 15. exf6 exf6 16. b3 Rfe8 17. Ba3 Bf8 18. Bxf8 Kxf8 19. Rac1 Rxe1+ 20. Rxe1 Re8 21. Qa3+ Kf7 22. Rxe8 Kxe8 23. Qd6 Ng8 24. Nh2 Qxd4 25. Qxc6+ Kf8 26. Ng4 h5 27. Ne3 Qa1+ 28. Kh2 Qe5+ 29. Kg1 Ne7 30. Qa8+ Kf7 31. Qxa7 d4 32. Nc4 Qe1+ 33. Kh2 Qxf2 34. Qd7 Qf4+ 35. Kg1 Qc1+ 36. Kh2 Qf4+ 37. Kg1 Qc1+ 38. Kf2 Qf4+ 39. Kg1 1/2-1/2

[Event "Elgoibar"]
[Site "Elgoibar"]
[Date "1998.11.24"]
[Round "4"]
[White "Korneev, Oleg"]
[Black "Bellon Lopez, Juan Manuel"]
[Result "1-0"]
[WhiteElo "2600"]
[BlackElo "2490"]
[PlyCount "107"]
[EventDate "1998.11.11"]
[Source "ChessBase"]
[SourceDate "1999.04.01"]

1. e4 c5 2. Nf3 g6 3. d4 Bg7 4. dxc5 Qa5+ 5. Nc3 Bxc3+ 6. bxc3 Nf6 7. Bd3 Qxc3+ 8. Bd2 Qxc5 9. O-O d6 10. Rb1 Qc7 11. Bh6 Nbd7 12. Re1 Ng4 13. Bg7 Rg8 14. Bd4 e5 15. Ng5 Nc5 16. Bxc5 Qxc5 17. Qf3 f6 18. Nxh7 Ke7 19. h3 Rh8 20. hxg4 Rxh7 21. Qe3 Qxe3 22. Rxe3 b6 23. f3 Be6 24. a4 Kd8 25. Kf2 Rc8 26. Ree1 Bc4 27. Rh1 Rxh1 28. Rxh1 Bxd3 29. cxd3 Rc2+ 30. Kg3 a5 31. Rh6 Ra2 32. Rxg6 Rxa4 33. Rxf6 Ke7 34. g5 Ra1 35. Rf5 Rh1 36. g6 Rh6 37. Rf7+ Ke8 38. Rg7 Kf8 39. Rf7+ Ke8 40. Rg7 Kf8 41. Ra7 Rxg6+ 42. Kf2 Ke8 43. g3 Kd8 44. f4 exf4 45. gxf4 Kc8 46. f5 Rh6 47. d4 Kb8 48. Rg7 a4 49. e5 dxe5 50. dxe5 Rh5 51. Rf7 a3 52. e6 Kc8 53. Rf8+ Kc7 54. e7 1-0

[Event "Festival - Open A"]
[Site "Porto San Giorgio ITA"]
[Date "2007.08.25"]
[Round "5"]
[White "Brkic, Ante"]
[Black "Jones, Gawain"]
[Result "1/2-1/2"]
[WhiteElo "2558"]
[BlackElo "2526"]
[PlyCount "42"]
[EventDate "2007.08.21"]
[Source "www.chesslib.no"]
[SourceDate "2004.05.04"]

1. e4 c5 2. Nf3 g6 3. d4 cxd4 4. Qxd4 Nf6 5. e5 Nc6 6. Qa4 Nd5 7. Qe4 Nc7 8. Nc3 Bg7 9. Bf4 b5 10. O-O-O b4 11. Nd5 Nxd5 12. Qxd5 O-O 13. h4 e6 14. Qd6 Qb6 15. h5 Qxf2 16. Bd3 a5 17. Be4 b3 18. cxb3 a4 19. Rd2 Qb6 20. Bxc6 Bh8 21. b4 Ba6 1/2-1/2

[Event "VII Gibtelecom Masters"]
[Site "Caleta ING"]
[Date "2009.01.27"]
[Round "1"]
[White "Quillan, G."]
[Black "Gashimov, V."]
[Result "1/2-1/2"]
[WhiteElo "2357"]
[BlackElo "2723"]
[PlyCount "80"]
[EventDate "2009.01.27"]
[Source "www.chesslib.no"]
[SourceDate "2004.05.04"]

1. e4 c5 2. Nf3 g6 3. c3 Bg7 4. d4 cxd4 5. cxd4 d5 6. exd5 Nf6 7. Nc3 O-O 8. Bc4 Nbd7 9. O-O Nb6 10. Bb3 Nfxd5 11. Re1 Be6 12. Bg5 Re8 13. h3 Nc7 14. Bf4 Ncd5 15. Be5 Nxc3 16. bxc3 Bd5 17. Bxg7 Kxg7 18. Ne5 Rc8 19. Qd2 Rc7 20. Ng4 Qd6 21. Re5 Rec8 22. Rae1 h5 23. Qh6+ Kg8 24. Re6 hxg4 25. Rxd6 exd6 26. hxg4 Bxb3 27. axb3 Rxc3 28. Re3 Nd5 29. Rxc3 Nxc3 30. Kf1 a5 31. f4 d5 32. f5 Rc6 33. Qf4 Ne4 34. Qb8+ Kg7 35. Qxb7 Rc1+ 36. Ke2 Rc2+ 37. Ke3 Rc3+ 38. Ke2 Rc2+ 39. Ke3 Rc3+ 40. Ke2 Rc2+ 1/2-1/2

[Event "Germany"]
[Site "?"]
[Date "2004.02.14"]
[Round "8"]
[White "Glek Igor V"]
[Black "Krivoshey Sergei"]
[Result "0-1"]
[WhiteElo "2580"]
[BlackElo "2499"]
[PlyCount "58"]
[EventDate "2004.??.??"]
[Source "www.chesslib.no"]
[SourceDate "2004.05.04"]

1. e4 c5 2. Nf3 g6 3. c3 Bg7 4. d4 cxd4 5. cxd4 d5 6. exd5 Nf6 7. Bc4 O-O 8. Nc3 Nbd7 9. O-O Nb6 10. Bb3 Nbxd5 11. Re1 b6 12. Ne5 Bb7 13. Qf3 Rc8 14. Qh3 Kh8 15. Nxf7+ Rxf7 16. Nxd5 Rxc1 17. Qd7 Qc8 18. Qxc8+ Bxc8 19. Raxc1 Be6 20. Rc7 Nxd5 21. Rxa7 Be5 22. dxe5 Kg7 23. h4 h6 24. Kf1 h5 25. Rc7 Nc3 26. bxc3 b5 27. Bd5 Bxd5 28. Rd7 Kh8 29. Re3 Kg8 0-1

[Event "Metz op"]
[Site "Metz"]
[Date "1998.04.08"]
[Round "4"]
[White "Kotronias, Vasilios"]
[Black "Markowski, Tomasz"]
[Result "1/2-1/2"]
[WhiteElo "2570"]
[BlackElo "2505"]
[PlyCount "68"]
[EventDate "1998.04.06"]
[Source "www.chesslib.no"]
[SourceDate "2004.05.04"]

1. e4 c5 2. Nf3 g6 3. d4 Bg7 4. dxc5 Qa5+ 5. c3 Qxc5 6. Be3 Qc7 7. Nbd2 Nf6 8. Bd4 Nc6 9. Bb5 O-O 10. O-O d6 11. Bxc6 Qxc6 12. e5 dxe5 13. Bxe5 b6 14. Nd4 Qd5 15. Qf3 Bb7 16. Qxd5 Nxd5 17. Bxg7 Kxg7 18. Rfe1 Rfd8 19. N2f3 e6 20. Ne5 Rac8 21. Rad1 a6 22. f3 b5 23. Nb3 Rc7 24. Kf2 Rdc8 25. Na5 Ba8 26. Nd3 Kf6 27. a3 Ke7 28. Rd2 Nb6 29. Nb4 Ra7 30. Red1 Nc4 31. Nxc4 bxc4 32. Nc2 Bc6 33. Ne3 Ba4 34. Re1 Rb7 1/2-1/2